000 01009nam a22003017a 4500
001 102
003 FISKH
005 20250404090739.0
008 230224b cb ||||| |||| 00| 0 eng d
020 _a0590129295
040 _aDLC
_cDLC
_dDLC
_dFISKH
_beng
042 _alcac
050 0 0 _aPZ7.G2933
_bOn 1990
082 0 0 _a813.54
_220
100 1 _aGeorge, Jean Craighead,
_d1919-2012.
245 1 0 _aOn the far side of the mountain /
_cwritten and illustrated by Jean Craighead George.
260 _aNew York :
_bScholastic,
_c1990.
300 _a170 pages :
_billustrations ;
_c18 cm
505 _aR
520 _aSam's peaceful existence in his wilderness home is disrupted when his sister runs away and his pet falcon is confiscated by a conservation officer.
521 8 _a760
_bLexile
521 8 _aP
_bRaz-Plus
650 1 _aSurvival
_xFiction.
650 1 _aSiblings
_xFiction.
650 1 _aFalcons
_xFiction.
906 _a7
_bcbc
_corignew
_d1
_eocip
_f19
_gy-gencatlg
942 _2ddc
_cBK
_n0
999 _c102
_d102